000 00839cam a2200193 4500
001 WB3828-15
008 020730n2002 000 0 eng u
035 _a(Sirsi) u119104
245 _aRTPI and ROOM to merge
260 _c2002
490 _aPlanning (for the Natural and Built Environment)
_v26 July 2002, 23(1)
490 _aRTPI News Editorial
_v 26 July 2002, (1)
520 _aRTPI and ROOM, the housing and planning associations, have announced they are to merge. It is hoped new association will have more influential voice in government policy. Merger expected to be legally complete by end August 2002. RTPI News Editorial www.rtpi.org.uk/editorial/2002/q3/26072002.html
590 _aWB
650 _aHOUSING
650 _aMERGERS
690 _aENVIRONMENTAL AND LAND CONSULTANCY-PLANNING AND DEVELOPMENT
942 _n0
999 _c70848
_d70848